|
|
|
|
| LEADER |
00000nab a2200000 a 4500 |
| 001 |
vtls008155880 |
| 003 |
SK-MaSNL |
| 005 |
20260303204026.0 |
| 008 |
180907c20040927xo mr|p|||||||000 b|slo |
| 015 |
|
|
|a PPPK2004
|2 pppkcl
|
| 038 |
|
|
|a PPPK
|
| 040 |
|
|
|a PPPKCL
|b slo
|c PPPKCL
|e AACR2
|
| 041 |
0 |
|
|a slo
|
| 044 |
|
|
|a xo
|c SK
|
| 080 |
|
|
|a 502.5/.6
|2 UDC-MRF-SK2
|
| 245 |
0 |
0 |
|a Akcia Čisté hory sa možno dôchodku nedožije
|
| 610 |
1 |
7 |
|a Štátne lesy Tatranského národného parku (Slovensko)
|2 pppkcl
|
| 611 |
2 |
7 |
|a Čisté hory (ochranárska akcia)
|2 pppkcl
|9 1237270
|
| 648 |
|
7 |
|a 2004
|2 pppkcl
|9 303492
|
| 650 |
0 |
7 |
|a ochranárske akcie
|2 pppkcl
|9 1071249
|
| 651 |
|
7 |
|a Vysoké Tatry (Poľsko a Slovensko : pohorie)
|2 SNKPHgeo
|9 67729
|
| 651 |
|
7 |
|a Poprad (Slovensko : okres)
|2 pppkcl
|9 28675
|
| 773 |
0 |
|
|t Národná obroda
|g Roč. 15, č. 223 (27.9.2004), s. 4
|x 1335-4671
|
| 852 |
|
|
|a PPPKCL
|b KIS3GCP
|
| 999 |
|
|
|c 2188090
|d 2190020
|